Diálogos de amor

Uloženo v:
Podrobná bibliografie
Hlavní autor: Hebreo, León
Médium: Kniha
Jazyk:Undetermined
Vydáno: Barcelona, España José Janés 1953
Témata:
Tagy: Přidat tag
Žádné tagy, Buďte první, kdo vytvoří štítek k tomuto záznamu!

MARC

LEADER 00000nam a2200000Ia 4500
008 170316s9999 xx 000 0 und d
090 |a 100 H-11.1d 
100 |a Hebreo, León 
245 |a Diálogos de amor 
260 |a Barcelona, España 
260 |b José Janés 
260 |c 1953 
300 |a 289 páginas 
650 |a FILOSOFÍA 
650 |a LITERATURA DE ISRAEL 
650 |a ESTA EN ESPAÑOL 
650 |a DIÁLOGOS 
999 |c 19933  |d 19933 
040 |a cru BVZT 
942 |c 15 D  |h 100 H-11.1d  |2 z